Escudo de Selecciones: CONCACAF y CONMEBOL - Estadísticas

Estadísticas generales
  • Esta prueba ha sido intentada 32 veces
  • La puntuación promedio es 37 de 45
Estadísticas de respuestas
Imagen Respuesta % Correcto
Argentina
100%
Honduras
100%
Bolivia
95%
Brasil
95%
Costa Rica
95%
Ecuador
95%
Estados Unidos
95%
Granada
95%
México
95%
Perú
95%
Barbados
91%
Belice
91%
Colombia
91%
Panamá
91%
Paraguay
91%
Trinidad y Tobago
91%
Venezuela
91%
Antigua y Barbuda
86%
Bermudas
86%
Canadá
86%
Chile
86%
Curazao
86%
Dominica
86%
Guyana
86%
Haití
86%
Jamaica
86%
Montserrat
86%
República Dominicana
86%
Bahamas
82%
Nicaragua
82%
San Cristóbal y Nieves
82%
San Vicente y las Granadinas
82%
Uruguay
82%
Surinam
77%
Anguila
73%
Aruba
73%
El Salvador
68%
Guatemala
68%
Islas Turcas y Caicos
68%
Santa Lucía
64%
Islas Vírgenes de los Estados Unidos
59%
Islas Vírgenes Británicas
50%
Islas Caimán
45%
Puerto Rico
45%
Cuba
23%
No se encontraron pruebas coincidentes
Distribución de puntuación
Porcentaje de gente con cada puntuación
Porcentaje por número respondido
Historial de tus puntuaciones
No has intentado esta prueba.